| 000 | 00535nam a2200181Ia 4500 | ||
|---|---|---|---|
| 003 | GCL | ||
| 008 | 140319s9999 xx 000 0 eng d | ||
| 040 |
_aGCL / _cGCL |
||
| 082 | 0 | 4 |
_a320.5320944 _bM R |
| 100 | 1 | _aMARTELLIE, ROGER | |
| 245 | 1 | 0 |
_aLE ROGE ET LE BLEU: ESSAI SUR LE COMMUNISME DANS L'HISTOIRE FRANCAISE / _cMARTELLIE, ROGER |
| 260 |
_a[S.N] : _bLES EDITIONS DE L'ATELIUR ، _c1995 |
||
| 300 | _a286 P | ||
| 650 | 0 | 4 | _aPOLITICAL RIGHTS |
| 650 | 0 | 4 | _aFRANCE - POLITICS |
| 650 | 0 | 4 | _aCOMMUNISM - FRANCE |
| 942 |
_2ddc _cBK |
||
| 999 |
_c16079 _d16079 |
||